<?xml version="1.0" encoding="UTF-8"?>
<collection xmlns="http://www.loc.gov/MARC21/slim">
 <record>
  <leader>00828cam a2200229 7i4500</leader>
  <controlfield tag="001">0000095460</controlfield>
  <controlfield tag="005">20110824090000.0</controlfield>
  <controlfield tag="008">110824s2010    enk                 eng   </controlfield>
  <datafield tag="020" ind1="#" ind2="0">
   <subfield code="a">9780415990455 </subfield>
  </datafield>
  <datafield tag="020" ind1="#" ind2="0">
   <subfield code="a">0415990459 </subfield>
  </datafield>
  <datafield tag="090" ind1="0" ind2="0">
   <subfield code="a">P 96 .E25 </subfield>
   <subfield code="b">A4 2010</subfield>
  </datafield>
  <datafield tag="100" ind1="1" ind2="#">
   <subfield code="a">Albarra, Alan B. </subfield>
  </datafield>
  <datafield tag="245" ind1="1" ind2="4">
   <subfield code="a">The media economy  </subfield>
   <subfield code="c">Alan B. Albarran.</subfield>
  </datafield>
  <datafield tag="260" ind1="#" ind2="#">
   <subfield code="a">New York: </subfield>
   <subfield code="b">Routledge/Taylor &amp; Franci, </subfield>
   <subfield code="c">2010.</subfield>
  </datafield>
  <datafield tag="300" ind1="#" ind2="#">
   <subfield code="a">xi, 202 p.: </subfield>
   <subfield code="b">ill.; </subfield>
   <subfield code="c">23 cm..</subfield>
  </datafield>
  <datafield tag="490" ind1="0" ind2="0">
   <subfield code="a">Media management and economics series</subfield>
  </datafield>
  <datafield tag="504" ind1="0" ind2="0">
   <subfield code="a">Includes bibliographical references and index</subfield>
  </datafield>
  <datafield tag="541" ind1="0" ind2="0">
   <subfield code="c">Purchase;</subfield>
   <subfield code="a">Title III;</subfield>
   <subfield code="d">20110228</subfield>
   <subfield code="f">Hallie Q. Brown Library, Central State University</subfield>
  </datafield>
  <datafield tag="590" ind1="#" ind2="#">
   <subfield code="a">Seksyen Penghubung Fakulti PSNZ</subfield>
  </datafield>
  <datafield tag="650" ind1="0" ind2="0">
   <subfield code="a">Mass media </subfield>
  </datafield>
  <datafield tag="650" ind1="0" ind2="0">
   <subfield code="a">Mass media -- </subfield>
   <subfield code="x">Economic aspects </subfield>
  </datafield>
  <datafield tag="999" ind1=" " ind2=" ">
   <subfield code="a">1100082265</subfield>
   <subfield code="b">Book</subfield>
   <subfield code="c">Open Shelf</subfield>
   <subfield code="e">KOLEKSI TERBUKA</subfield>
  </datafield>
 </record>
</collection>
